Statistics for Niall Horan Quiz

Click here to take the quiz!

General Stats

  • This quiz has been taken 487 times
  • The average score is 12 of 15

Answer Stats

QuestionAnswer% Correct
what instrument can Niall playguitar
98%
true or false. Niall is the youngest member of one directionfalse
95%
Niall's original hair colourbrown
93%
Niall's favourite restaurantnandos
93%
what song are these lyrics from. 'stained, coffee cup, just that fingerprinted lipsticks not enough.no control
93%
where was Niall bornMullingar
92%
what song is this lyric from. 'i know, i know, i know for sure'steal my girl
88%
how many siblings does Niall have1
87%
Whos mum did Niall have a crush on?Harry's
78%
when is niall's birthdayseptember 13th 1993
77%
Niall's eye colourblue
74%
what album did niall have the least solos onup all night
70%
what language can niall speakspanish
61%
Nialls favourite colourgreen
50%
what album did niall namefour
37%

Score Distribution

Percentile by Number Answered

Percent of People with Each Score

Your Score History

You have not taken this quiz